02567njm a2200397Ia 450000100060000000300090000600500170001500800410003204000130007304000130008604100130009910000110011210000180012310000380014124500150017925000110019426000110020526000680021630000100028430000290029450000790032350503280040265000570073070000640078770002450085170002070109670001130130370000870141670000990150370000930160270000860169570001010178170000980188270000870198070001020206725669IT-RoPAU20220918181111.0131025s9999 xx 000 0 und d aIT-RoPAU cIT-RoPAU aITALIANO aAA.VV. eAutore musica gCodice autore musica SPICS: 12000 aRoma canta a1a ed. aMILANO bJOKER - W. GURTLERc1968 [1a Ed.:1968 - Ed. Lingua Orig.: 1968] aDISCO c38 minuti (Testo: pag.) aCanzone italiana popolare. Stornelli romaneschi. Ritornelli. Arrangiamento aLa società dei magnaccioni (3:00) - La povera Cecilia (3:00) - Maremma (3:00) - Stornelli di Porta Romana (4:00) - Sciuri sciuri (3:00) - Alla renella (4:00) - Vitti 'na crozza (3:00) - Barcarolo romano(6:00) - Aritornelli romaneschi (4:00) - La gente di campagna (4:00) - Si no me moro (4:00) - E' tutta robba mia (2:00) aCANZONE ITALIAN [DISCHI]eCodice MATERIA SPICS: 9950 aFerri GabriellaeInterpretegCodice interprete SPICS: 11544 aFerri GabriellagCodice autore testo/musica SPICS: 11544eAutore testo/musicapLa società dei magnaccioni - La povera Cecilia - Maremma - Stornelli di Porta Romana - Sciuri sciuri - Alla renella - Vitti 'na crozza - Aritornelli romaneschi aDe Santis PisugCodice autore musica SPICS: 16142eAutore musicapLa società dei magnaccioni - La povera Cecilia - Maremma - Stornelli di Porta Romana - Sciuri sciuri - Alla renella - Vitti 'na crozza aLeoni EziogCodice autore SPICS: 16082eAutorepMaremma - Stornelli di Porta Romana - Aritornelli romaneschi aBalzani RomologCodice autore musica SPICS: 13637eAutore musicapBarcarolo romano aPizzicaria PiogCodice autore testo/musica SPICS: 13639eAutore testo/musicapBarcarolo romano aPallavicini VitogCodice autore musica SPICS: 13656eAutore musicapLa gente di campagna aAlessandroni AlessandrogCodice autore SPICS: 13760eAutorepLa gente di campagna aMarchetti P.gCodice autore testo/musica SPICS: 14237eAutore testo/musicapLa gente di campagna aRustichelli CarlogCodice autore testo/musica SPICS: 1758eAutore testo/musicapSi no me moro aDe Chiara G.gCodice autore musica SPICS: 16143eAutore musicapE' tutta robba mia aMorricone EnniogCodice autore testo/musica SPICS: 3535eAutore testo/musicapE' tutta robba mia